Score 0/50 Timer 07:00
10 Plays Today
% Correct
Everybody
97.2%
The
93.6%
Parks
93.3%
That
93.3%
The
92.4%
Curb
91.2%
The
90.8%
Married
90.7%
Mork
89.8%
Dennis
89.4%
Doogie
89.3%
Will
89.2%
Rules
88.6%
Laverne
88.4%
The
88.2%
Dharma
88%
The
87.8%
Boy
87.1%
I
86.4%
Sanford
84.7%
Everybody
84.3%
The
82.3%
Mike
81.6%
That's
80.9%
Father
79.9%
% Correct
2
79.5%
Charles
79.2%
Joanie
79.1%
According
78.6%
Who's
77.5%
Mad
76.8%
8
76.4%
The
76.1%
Welcome
75.2%
WKRP
75.1%
Hot
73.8%
Grounded
71.5%
Grace
71.3%
My
70.3%
The
68.5%
Just
68%
Drake
65.8%
Kate
63%
My
62.5%
My
62.4%
Better
56.1%
The
52%
A
49.6%
Love
45%
Ned
43.8%
Remove Ads.
Support Sporcle.
Get the best of Sporcle when you Go Orange. This ad-free experience offers more features, more stats, and more fun while also helping to support Sporcle. Thank you for becoming a member.

You're not logged in!

Compare scores with friends on all Sporcle quizzes.
OR
Log In

Show Comments

Extras

Top Quizzes Today


Score Distribution

Your Account Isn't Verified!

In order to create a playlist on Sporcle, you need to verify the email address you used during registration. Go to your Sporcle Settings to finish the process.

Report this User

Report this user for behavior that violates our Community Guidelines.

Details: